00844cam a2200265 a 450000100100000000500170001000800410002704000290006804200120009705000150010908200150012410000250013924500390016426000300020330000210023349000150025465000290026965000290029865000510032783000220037891000330040004900090043395201190044299900170056100001841320200929165511.0720118s1968 fr 000 0 fre d aDO-SdBNPbfrecLCdBNPHU apremarc00aHT151b.C4 ann*bC385d1 aCayrol, Jean.91760310aDe l'espace humain /cJean Cayrol. aParis :bdu Seuil,c1968. a194 p. ;c20 cm.1 aIntuitions 0aCities and towns.939692 0aSociology, urban.939869 0aHuman beingsxEffect of environment on.939870 0aIntuitions939871 aCatalogación derivada / LC aBNGR 001054708MOaGRbGRcCTd2010-05-06iLF1l0onn* C385dp18413-10r2020-06-25w2020-06-25y4ZPréstamo en sala c17934d17934